[Event "FIDE World Blitz-ch Women 2018"]
[Site "St. Petersburg"]
[Date "2018.12.29"]
[Round "7.44"]
[White "Tokhirjonova, Gulrukhbegim"]
[Black "Shaydullina, Sandugach"]
[Result "1-0"]
[WhiteElo "2444"]
[BlackElo "2033"]
[Annotator "NA"]
[PlyCount "87"]
[EventDate "2018.12.19"]
[EventType "swiss"]
[EventCountry "RUS"]
[SourceTitle "playchess.com"]
[Source "ChessBase"]
[SourceQuality "1"]

1. e4 c5 2. Nf3 d6 3. d4 cxd4 4. Nxd4 Nf6 5. Nc3 a6 6. h3 g6 7. g4 Bg7 8. Be3 O-O 9. Bg2 Nbd7 10. Qd2 Ne5 11. b3 Bd7 12. O-O Rc8 13. f4 Nc6 14. Nce2 b5 15. c3 Qa5 16. a4 Nxd4 17. Bxd4 bxa4 18. bxa4 e5 19. fxe5 dxe5 20. Be3 Bc6 21. Ng3 Rfd8 22. Qf2 Rd7 23. g5 Ne8 24. h4 Rb8 25. h5 Nd6 26. h6 Bh8 27. Rad1 Rbb7 28. Bh3 Rd8 29. Bc5 Nc4 30. Bb6 Rxd1 31. Bxa5 Rxf1+ 32. Bxf1 Nxa5 33. Qc5 Bd7 34. Qxa5 f6 35. Qd8+ Kf7 36. Qxh8 fxg5 37. Bc4+ Ke7 38. Qxe5+ Kd8 39. Qxg5+ Kc8 40. Bxa6 Kb8 41. Bxb7 Kxb7 42. Qe7 Kc6 43. Qxh7 g5 44. Nf5 1-0

[Event "FIDE World Blitz-ch Women 2018"]
[Site "St. Petersburg"]
[Date "2018.12.29"]
[Round "7.45"]
[White "Bezgodova, Svetlana"]
[Black "Tsolakidou, Stavroula"]
[Result "0-1"]
[WhiteElo "2046"]
[BlackElo "2387"]
[Annotator "NA"]
[PlyCount "94"]
[EventDate "2018.12.19"]
[EventType "swiss"]
[EventCountry "RUS"]
[SourceTitle "playchess.com"]
[Source "ChessBase"]
[SourceQuality "1"]

1. Nf3 Nf6 2. g3 d5 3. Bg2 c6 4. O-O Bg4 5. d3 e6 6. c4 Nbd7 7. Be3 Bd6 8. Qb3 Qc7 9. Nc3 O-O 10. Rac1 dxc4 11. dxc4 e5 12. Rfd1 Bc5 13. Bxc5 Nxc5 14. Qa3 Ne6 15. Qd6 Qxd6 16. Rxd6 Bxf3 17. Bxf3 Rfe8 18. e3 Kf8 19. Rcd1 Ke7 20. Ne4 Nxe4 21. Bxe4 Rad8 22. Rxd8 Nxd8 23. h4 g6 24. b4 f5 25. Bg2 Ne6 26. b5 cxb5 27. cxb5 b6 28. Rd5 e4 29. h5 Rc8 30. g4 Nc7 31. Rd2 Nxb5 32. gxf5 gxf5 33. Bh3 Nd6 34. Kg2 Rc5 35. Kg3 a5 36. Kf4 b5 37. h6 b4 38. Rxd6 Kxd6 39. Bxf5 Rxf5+ 40. Kxf5 a4 41. Kxe4 b3 42. axb3 a3 43. Kf5 a2 44. e4 a1=Q 45. f4 Ke7 46. e5 Qb1+ 47. Kg5 Qg6+ 0-1

[Event "FIDE World Blitz-ch Women 2018"]
[Site "St. Petersburg"]
[Date "2018.12.29"]
[Round "7.46"]
[White "Assaubayeva, Bibisara"]
[Black "Kabanova, Ekaterina"]
[Result "0-1"]
[WhiteElo "2372"]
[BlackElo "2095"]
[Annotator "NA"]
[PlyCount "116"]
[EventDate "2018.12.19"]
[EventType "swiss"]
[EventCountry "RUS"]
[SourceTitle "playchess.com"]
[Source "ChessBase"]
[SourceQuality "1"]

1. d4 c5 2. d5 e5 3. c4 d6 4. Nc3 Ne7 5. g3 Ng6 6. Bg2 Be7 7. h4 h6 8. e4 a6 9. a4 b6 10. Nge2 Bg4 11. f3 Bc8 12. h5 Nf8 13. f4 exf4 14. gxf4 Bh4+ 15. Kf1 Bf6 16. Be3 Nh7 17. Qc2 Ra7 18. Rb1 Bg4 19. b4 Nd7 20. a5 cxb4 21. Rxb4 Rb7 22. axb6 O-O 23. e5 dxe5 24. c5 exf4 25. Rxf4 Bxe2+ 26. Nxe2 Ne5 27. d6 Rb8 28. Nd4 Bg5 29. Re4 Bxe3 30. Rxe3 Qg5 31. Nf5 Qf4+ 32. Qf2 Qc4+ 33. Re2 Nd3 34. Qg3 Ng5 35. Kg1 Qxc5+ 36. Kh2 Qxf5 37. Rf1 Qb5 38. Re3 Nb4 39. Re5 Qxb6 40. d7 Nc6 41. Rxg5 hxg5 42. Qxg5 Qc7+ 43. Kh1 Rb5 44. Qg4 Ne5 45. Qg3 Qxd7 46. h6 Ng6 47. hxg7 Rh5+ 48. Kg1 Qd4+ 49. Rf2 Kxg7 50. Qf3 Qa1+ 51. Rf1 Qd4+ 52. Rf2 Rg5 53. Qe2 Rc8 54. Qf3 Rc1+ 55. Kh2 Qh4+ 56. Bh3 Qd4 57. Qxf7+ Kh6 58. Qf3 Qe5+ 0-1

[Event "FIDE World Blitz-ch Women 2018"]
[Site "St. Petersburg"]
[Date "2018.12.29"]
[Round "7.47"]
[White "Shvayger, Yuliya"]
[Black "Yurasova, Daria"]
[Result "0-1"]
[WhiteElo "2393"]
[BlackElo "2190"]
[Annotator "NA"]
[PlyCount "118"]
[EventDate "2018.12.19"]
[EventType "swiss"]
[EventCountry "RUS"]
[SourceTitle "playchess.com"]
[Source "ChessBase"]
[SourceQuality "1"]

1. e4 e5 2. Nf3 Nc6 3. Nc3 Nf6 4. Bb5 Bb4 5. O-O d6 6. d3 Bxc3 7. bxc3 h6 8. Re1 O-O 9. d4 Qe7 10. Ba3 Bg4 11. Bxc6 Bxf3 12. Qxf3 bxc6 13. Qe3 Rfe8 14. Rab1 Qd7 15. f3 Qc8 16. Qd3 Nh5 17. Qc4 Qd7 18. Rb7 Nf4 19. Reb1 Re6 20. Bc1 Nh5 21. Be3 Rg6 22. Qe2 Qe6 23. R1b3 Qe7 24. Qf2 a5 25. a4 d5 26. dxe5 Qxe5 27. Bd4 Qg5 28. Be3 Qe5 29. Bd4 Qg5 30. Rb8+ Rxb8 31. Rxb8+ Kh7 32. Be3 Qe5 33. Qd2 dxe4 34. Qd8 Rd6 35. Qh4 Qxc3 36. Qxe4+ g6 37. h3 Re6 38. Qd4 Qxe3+ 39. Qxe3 Rxe3 40. Rc8 Re7 41. Ra8 Re5 42. Ra7 Rc5 43. Rxc7 Kg7 44. Ra7 Nf4 45. h4 Nd5 46. Kf1 Nb6 47. g4 Nxa4 48. h5 gxh5 49. gxh5 Rxh5 50. Ra6 Rc5 51. Ke1 Nb2 52. Kd2 Nc4+ 53. Kc3 Ne5+ 54. Kd4 Rd5+ 55. Ke4 Nc4 56. Rxc6 Re5+ 57. Kf4 Rh5 58. Kg4 Ne5+ 59. Kxh5 Nxc6 0-1

[Event "FIDE World Blitz-ch Women 2018"]
[Site "St. Petersburg"]
[Date "2018.12.29"]
[Round "7.48"]
[White "Zhukova, Natalia"]
[Black "Diakonova, Ekaterina"]
[Result "1-0"]
[WhiteElo "2377"]
[BlackElo "2225"]
[Annotator "NA"]
[PlyCount "109"]
[EventDate "2018.12.19"]
[EventType "swiss"]
[EventCountry "RUS"]
[SourceTitle "playchess.com"]
[Source "ChessBase"]
[SourceQuality "1"]

1. c4 Nf6 2. Nc3 g6 3. e4 d6 4. d4 Bg7 5. f4 O-O 6. Nf3 Na6 7. Bd3 c6 8. O-O Nc7 9. Kh1 Rb8 10. a4 a5 11. Be3 Na6 12. Rc1 Nb4 13. Bb1 Bd7 14. b3 Ne8 15. f5 Nc7 16. Qd2 Re8 17. Bh6 Bh8 18. Qf4 e5 19. fxe6 Bxe6 20. d5 Bc8 21. Ng5 f6 22. Nf3 Qe7 23. Qh4 Nca6 24. Bf4 Nc5 25. Qg3 Rd8 26. Nd4 Bg7 27. h4 Bf8 28. Rce1 Bg7 29. Rf2 Nca6 30. Ref1 c5 31. Ndb5 Ra8 32. Bxd6 Qf7 33. e5 f5 34. e6 Qf6 35. Re1 Re8 36. Be5 Qe7 37. Bxg7 Qxg7 38. Nd6 Re7 39. Nxc8 Rxc8 40. d6 Qd4 41. dxe7 Re8 42. Rd1 Qf6 43. Nd5 Qg7 44. Nxb4 Nxb4 45. Rd8 Qxe7 46. Rxe8+ Qxe8 47. Qe5 Nc6 48. Qd5 Qe7 49. Re2 Nd4 50. Re3 Qxh4+ 51. Kg1 f4 52. e7+ Kg7 53. Qe5+ Kh6 54. e8=Q fxe3 55. Qf8# 1-0

[Event "FIDE World Blitz-ch Women 2018"]
[Site "St. Petersburg"]
[Date "2018.12.29"]
[Round "7.49"]
[White "Sudakova, Irina"]
[Black "Goltseva, Ekaterina"]
[Result "0-1"]
[WhiteElo "2313"]
[BlackElo "2153"]
[Annotator "NA"]
[PlyCount "146"]
[EventDate "2018.12.19"]
[EventType "swiss"]
[EventCountry "RUS"]
[SourceTitle "playchess.com"]
[Source "ChessBase"]
[SourceQuality "1"]

1. e4 e5 2. Nf3 Nc6 3. Nc3 Nf6 4. g3 d5 5. exd5 Nxd5 6. Bg2 Nxc3 7. bxc3 Be7 8. O-O O-O 9. Re1 Bf6 10. Rb1 Rb8 11. h3 Be6 12. a4 Qd7 13. Kh2 Rfe8 14. d3 b6 15. Ng5 Bxg5 16. Bxg5 Bd5 17. Bf1 f6 18. Be3 Na5 19. c4 Ba8 20. Bg2 Bxg2 21. Kxg2 Qxa4 22. Rb5 a6 23. Rb1 Qd7 24. Qf3 Nc6 25. c5 b5 26. Ra1 a5 27. h4 a4 28. h5 Ne7 29. h6 Qd5 30. hxg7 Kxg7 31. Rh1 Qxf3+ 32. Kxf3 c6 33. c4 bxc4 34. dxc4 Rb4 35. Rhc1 Ra8 36. Ra3 Nf5 37. Ke4 Nxe3 38. Kxe3 Ra5 39. Rca1 Rxc4 40. f4 exf4+ 41. gxf4 f5 42. Rg1+ Kf7 43. Rh1 Kg6 44. Rg1+ Kf6 45. Rga1 Raxc5 46. Rxa4 Rxa4 47. Rxa4 Rc3+ 48. Kf2 h5 49. Ra8 h4 50. Rf8+ Ke6 51. Re8+ Kd6 52. Rf8 Ke6 53. Re8+ Kf7 54. Re5 Kf6 55. Re8 c5 56. Rf8+ Ke6 57. Re8+ Kf7 58. Rh8 h3 59. Kg1 Rf3 60. Rc8 Rc3 61. Kh2 Ke7 62. Rc7+ Kd6 63. Rf7 Ke6 64. Rc7 Kd5 65. Re7 Kd4 66. Re5 Rf3 67. Rxf5 c4 68. Rf8 c3 69. Rd8+ Ke3 70. f5 c2 71. Rc8 Kd2 72. f6 c1=Q 73. Rxc1 Kxc1 0-1

[Event "FIDE World Blitz-ch Women 2018"]
[Site "St. Petersburg"]
[Date "2018.12.29"]
[Round "7.50"]
[White "Iljushina, Olga"]
[Black "Lysenko, Margarita"]
[Result "0-1"]
[WhiteElo "2259"]
[BlackElo "2190"]
[Annotator "NA"]
[PlyCount "122"]
[EventDate "2018.12.19"]
[EventType "swiss"]
[EventCountry "RUS"]
[SourceTitle "playchess.com"]
[Source "ChessBase"]
[SourceQuality "1"]

1. d4 Nf6 2. c4 g6 3. Nc3 Bg7 4. e4 O-O 5. Be3 d6 6. h3 Qe8 7. Qd2 e5 8. d5 Nh5 9. Be2 Nf4 10. Bxf4 exf4 11. Qxf4 f5 12. exf5 Bxf5 13. Qd2 Na6 14. g4 Be4 15. Nxe4 Qxe4 16. f3 Qe5 17. O-O-O Nc5 18. f4 Rxf4 19. Nf3 Qf6 20. g5 Qf7 21. Rhf1 Ne4 22. Qe1 Rf8 23. Nd2 Nxg5 24. Qg3 Qf6 25. Qb3 b6 26. Rxf4 Qxf4 27. Rf1 Qe5 28. Rxf8+ Kxf8 29. Bd1 Kg8 30. Qc2 h6 31. a3 Kh7 32. Kb1 a5 33. Ka2 Qe3 34. Nb3 a4 35. Nc1 Qd4 36. Ne2 Qe5 37. Nc3 Qg3 38. Nxa4 Qxh3 39. Nc3 Qe3 40. Bh5 Qe8 41. Ne2 Qe4 42. Qxe4 Nxe4 43. Bf3 Nd2 44. Bg4 Nxc4 45. Kb3 Ne3 46. Bf3 h5 47. Kb4 Nf5 48. Kb5 Ne7 49. Nf4 Bxb2 50. Ne6 Bxa3 51. Nxc7 Bc5 52. Ne6 h4 53. Ng5+ Kh6 54. Nf7+ Kg7 55. Ng5 Nf5 56. Bg4 Nd4+ 57. Kc4 Nf5 58. Ne6+ Kf6 59. Nf8 Ne3+ 60. Kd3 Nxg4 61. Nd7+ Ke7 0-1

[Event "FIDE World Blitz-ch Women 2018"]
[Site "St. Petersburg"]
[Date "2018.12.29"]
[Round "7.51"]
[White "Smirnova, Ekaterina"]
[Black "Guseva, Marina"]
[Result "0-1"]
[WhiteElo "2192"]
[BlackElo "2408"]
[Annotator "NA"]
[PlyCount "92"]
[EventDate "2018.12.19"]
[EventType "swiss"]
[EventCountry "RUS"]
[SourceTitle "playchess.com"]
[Source "ChessBase"]
[SourceQuality "1"]

1. d4 d5 2. c4 c6 3. Nc3 Nf6 4. e3 e6 5. Nf3 Nbd7 6. Qc2 b6 7. Bd3 Bb7 8. O-O Be7 9. e4 dxe4 10. Nxe4 c5 11. Be3 cxd4 12. Bxd4 Nc5 13. Nxc5 bxc5 14. Bxf6 Bxf6 15. Be4 Bxe4 16. Qxe4 O-O 17. Rad1 Qa5 18. Qb1 Rfd8 19. b3 g6 20. h3 Kg7 21. Qc2 Qc3 22. Qxc3 Bxc3 23. Ng5 Bd4 24. Nf3 e5 25. Ng5 a5 26. Ne4 a4 27. g4 axb3 28. axb3 Rdb8 29. Rd3 Ra2 30. Kg2 Rb2 31. Nd2 f5 32. gxf5 gxf5 33. Rb1 Rxb1 34. Nxb1 e4 35. Rg3+ Kf6 36. Nd2 Ra8 37. b4 Ra2 38. Nb3 Bxf2 39. Nc1 Rc2 40. Ra3 Bh4+ 41. Kf1 Rxc1+ 42. Ke2 cxb4 43. Ra6+ Ke5 44. Rc6 f4 45. c5 f3+ 46. Kd2 Bg5# 0-1

[Event "FIDE World Blitz-ch Women 2018"]
[Site "St. Petersburg"]
[Date "2018.12.29"]
[Round "7.52"]
[White "Doan, Thi Van Anh"]
[Black "Gromova, Iulia"]
[Result "0-1"]
[WhiteElo "1950"]
[BlackElo "2241"]
[Annotator "NA"]
[PlyCount "124"]
[EventDate "2018.12.19"]
[EventType "swiss"]
[EventCountry "RUS"]
[SourceTitle "playchess.com"]
[Source "ChessBase"]
[SourceQuality "1"]

1. d4 Nf6 2. Nf3 g6 3. g3 Bg7 4. Bg2 O-O 5. O-O d5 6. c4 c6 7. Nc3 Nbd7 8. cxd5 cxd5 9. Be3 Nb6 10. Ne5 Bf5 11. Rc1 Rc8 12. Qd2 Ng4 13. Nxg4 Bxg4 14. Bh6 Be6 15. h4 Nc4 16. Qf4 Nxb2 17. Bxg7 Kxg7 18. h5 f6 19. Bf3 Nc4 20. hxg6 hxg6 21. Kg2 Rh8 22. Rh1 Qd7 23. Rxh8 Rxh8 24. g4 g5 25. Qg3 Rh4 26. Rh1 Rxh1 27. Kxh1 Nd2 28. Kg2 Nxf3 29. exf3 Qc6 30. Nd1 Qc4 31. Ne3 Qxd4 32. Qc7 Kf7 33. Qxb7 Qb6 34. Qa8 d4 35. Nf5 d3 36. Qh8 Bxf5 37. gxf5 d2 38. Qh7+ Ke8 39. Qg8+ Kd7 40. Qd5+ Qd6 41. Qb7+ Kd8 42. Qa8+ Kd7 43. Qxa7+ Ke8 44. Qa4+ Qd7 45. Qd1 Qd3 46. Qa4+ Kf8 47. Qd1 Qc3 48. Qh1 Qc1 49. Qh8+ Kf7 50. Qh7+ Ke8 51. Qg8+ Kd7 52. Qd5+ Kc7 53. Qa5+ Kc6 54. Qa4+ Kc5 55. Qa5+ Kc4 56. Qc7+ Kd3 57. Qd7+ Kc2 58. Qc7+ Kb1 59. Qb6+ Qb2 60. Qd8 Kc1 61. Qc7+ Qc2 62. Qh2 d1=Q 0-1

[Event "FIDE World Blitz-ch Women 2018"]
[Site "St. Petersburg"]
[Date "2018.12.29"]
[Round "7.53"]
[White "Maroroa, Sue"]
[Black "Gritsayeva, Oksana"]
[Result "0-1"]
[WhiteElo "2120"]
[BlackElo "2378"]
[Annotator "NA"]
[PlyCount "46"]
[EventDate "2018.12.19"]
[EventType "swiss"]
[EventCountry "RUS"]
[SourceTitle "playchess.com"]
[Source "ChessBase"]
[SourceQuality "1"]

1. e4 c5 2. Nf3 e6 3. g3 b6 4. Bg2 Bb7 5. Qe2 d6 6. O-O Nf6 7. d3 Be7 8. c3 O-O 9. Nbd2 Nc6 10. d4 cxd4 11. cxd4 Nb4 12. Nc4 Bxe4 13. Rd1 Rc8 14. Bg5 d5 15. Ne3 Nc2 16. Rac1 Nxe3 17. Qxe3 Qd6 18. Bf4 Qb4 19. b3 Qa3 20. Qe2 h6 21. h4 Bd6 22. Ne5 Bxe5 23. Bxe5 Rxc1 0-1

[Event "FIDE World Blitz-ch Women 2018"]
[Site "St. Petersburg"]
[Date "2018.12.29"]
[Round "7.54"]
[White "Molchanova, Tatjana"]
[Black "Tomashevskaya, Lidia"]
[Result "1/2-1/2"]
[WhiteElo "2245"]
[BlackElo "2123"]
[Annotator "NA"]
[PlyCount "26"]
[EventDate "2018.12.19"]
[EventType "swiss"]
[EventCountry "RUS"]
[SourceTitle "playchess.com"]
[Source "ChessBase"]
[SourceQuality "1"]

1. e4 e5 2. Nc3 Nc6 3. g3 Bc5 4. Bg2 a6 5. Nge2 d6 6. O-O Be6 7. d3 Qd7 8. Be3 O-O-O 9. Bxc5 dxc5 10. a3 Nge7 11. Na4 Qd6 12. Nc1 c4 13. d4 Nxd4 1/2-1/2

[Event "FIDE World Blitz-ch Women 2018"]
[Site "St. Petersburg"]
[Date "2018.12.29"]
[Round "7.55"]
[White "Romanovskaya, Anna"]
[Black "Geller, Anastasiya"]
[Result "1-0"]
[WhiteElo "2210"]
[BlackElo "2187"]
[Annotator "NA"]
[PlyCount "69"]
[EventDate "2018.12.19"]
[EventType "swiss"]
[EventCountry "RUS"]
[SourceTitle "playchess.com"]
[Source "ChessBase"]
[SourceQuality "1"]

1. e4 c6 2. d4 d5 3. exd5 cxd5 4. Bd3 Nf6 5. h3 g6 6. Nf3 Bg7 7. O-O O-O 8. Re1 Bf5 9. Bxf5 gxf5 10. Ne5 Nc6 11. c3 Ne4 12. Bf4 f6 13. Nxc6 bxc6 14. Qh5 Qd7 15. Nd2 e5 16. Bh6 Nxd2 17. Bxd2 f4 18. Rad1 Rab8 19. Bc1 Kh8 20. c4 Qc7 21. b3 Rbe8 22. dxe5 fxe5 23. Ba3 Rg8 24. cxd5 cxd5 25. Rxd5 e4 26. Bc5 f3 27. gxf3 Bc3+ 28. Kf1 Qg7 29. Rxe4 Qg1+ 30. Ke2 Qe1+ 31. Kd3 Qd2+ 32. Kc4 Qc2 33. Rxe8 Bg7+ 34. Kb5 a6+ 35. Kb6 1-0

[Event "FIDE World Blitz-ch Women 2018"]
[Site "St. Petersburg"]
[Date "2018.12.29"]
[Round "7.56"]
[White "Komiagina, Maria"]
[Black "Fominykh, Maria"]
[Result "0-1"]
[WhiteElo "2234"]
[BlackElo "2259"]
[Annotator "NA"]
[PlyCount "86"]
[EventDate "2018.12.19"]
[EventType "swiss"]
[EventCountry "RUS"]
[SourceTitle "playchess.com"]
[Source "ChessBase"]
[SourceQuality "1"]

1. e4 d6 2. d4 Nf6 3. Nc3 e5 4. Nge2 Be7 5. g3 O-O 6. Bg2 c6 7. O-O b5 8. a3 a6 9. h3 Nbd7 10. f4 Bb7 11. Be3 Re8 12. Qd2 Bf8 13. dxe5 dxe5 14. f5 Bc5 15. Kh2 Bxe3 16. Qxe3 Qb6 17. Qf3 a5 18. g4 h6 19. h4 Nh7 20. Rad1 Rad8 21. Qg3 b4 22. axb4 axb4 23. Nb1 Ba6 24. Rde1 f6 25. Rg1 Nc5 26. Qe3 Na4 27. Qb3+ Kh8 28. Qxa4 Bc4 29. c3 Qf2 30. Ng3 Rd3 31. Rgf1 Qxg3+ 32. Kg1 Qxg4 33. Qxc6 Bf7 34. Qb5 Rg3 35. Rf2 bxc3 36. Nxc3 Rd8 37. Nd5 Qxh4 38. Qb7 Bxd5 39. exd5 Ng5 40. Qb6 Rg8 41. Rc2 Nf3+ 42. Kf1 Nxe1 43. Kxe1 Rxg2+ 0-1

[Event "FIDE World Blitz-ch Women 2018"]
[Site "St. Petersburg"]
[Date "2018.12.29"]
[Round "7.57"]
[White "Dumcheva, Julia"]
[Black "Gvanceladze, Anna"]
[Result "1-0"]
[WhiteElo "2168"]
[BlackElo "2264"]
[Annotator "NA"]
[PlyCount "65"]
[EventDate "2018.12.19"]
[EventType "swiss"]
[EventCountry "RUS"]
[SourceTitle "playchess.com"]
[Source "ChessBase"]
[SourceQuality "1"]

1. e4 c6 2. d4 d5 3. Nc3 dxe4 4. Nxe4 Bf5 5. Ng3 Bg6 6. Nh3 Nd7 7. Nf4 e5 8. Nxg6 hxg6 9. dxe5 Nxe5 10. Be3 Nf6 11. Be2 Qa5+ 12. c3 Be7 13. O-O Qd5 14. Bd4 O-O 15. Re1 c5 16. Bxe5 Qxe5 17. Bf3 Qc7 18. Qb3 Rab8 19. Rad1 b6 20. h3 Bd6 21. Ne4 Nxe4 22. Bxe4 Rbd8 23. Qc2 Rfe8 24. Bf3 Re7 25. Rxe7 Qxe7 26. g3 Qe6 27. Kg2 Qxa2 28. Bd5 c4 29. Qxg6 Rd7 30. Re1 Re7 31. Rxe7 Bxe7 32. Qxf7+ Kh7 33. Be4+ 1-0

[Event "FIDE World Blitz-ch Women 2018"]
[Site "St. Petersburg"]
[Date "2018.12.29"]
[Round "7.58"]
[White "Sirotkina, Nina"]
[Black "Makarenko, Alexandra"]
[Result "1-0"]
[WhiteElo "2188"]
[BlackElo "2228"]
[Annotator "NA"]
[PlyCount "63"]
[EventDate "2018.12.19"]
[EventType "swiss"]
[EventCountry "RUS"]
[SourceTitle "playchess.com"]
[Source "ChessBase"]
[SourceQuality "1"]

1. d4 Nf6 2. Bf4 d5 3. e3 c5 4. c3 e6 5. Nf3 Qb6 6. Qb3 c4 7. Qc2 Nc6 8. Nbd2 Nh5 9. Bg5 f6 10. Bh4 g5 11. Bg3 Bg7 12. Be2 Bd7 13. b3 cxb3 14. axb3 O-O-O 15. O-O Nxg3 16. fxg3 g4 17. Ne1 f5 18. Nd3 e5 19. Nc5 Rhf8 20. b4 exd4 21. exd4 Kb8 22. Ndb3 a6 23. Bxa6 bxa6 24. Rxa6 Qc7 25. Rfa1 Na7 26. Qa2 Bb5 27. Rxa7 Qb6 28. Rb7+ Qxb7 29. Nxb7 Bc4 30. Qa7+ Kc8 31. N7c5 Bf6 32. Qb7# 1-0

[Event "FIDE World Blitz-ch Women 2018"]
[Site "St. Petersburg"]
[Date "2018.12.29"]
[Round "7.59"]
[White "Sviridova, Vlada"]
[Black "Bulatova, Kamaliya"]
[Result "1-0"]
[WhiteElo "2144"]
[BlackElo "2007"]
[Annotator "NA"]
[PlyCount "179"]
[EventDate "2018.12.19"]
[EventType "swiss"]
[EventCountry "RUS"]
[SourceTitle "playchess.com"]
[Source "ChessBase"]
[SourceQuality "1"]

1. d4 Nf6 2. c4 e6 3. Nf3 d5 4. Nc3 Bb4 5. Bg5 dxc4 6. e4 c5 7. Bxc4 cxd4 8. Nxd4 Qa5 9. Bd2 Qb6 10. Bb5+ Nc6 11. Nxc6 bxc6 12. Bd3 O-O 13. O-O e5 14. a3 Be7 15. Qc2 Be6 16. b4 Rfd8 17. Rad1 a5 18. Na4 Qc7 19. bxa5 c5 20. Nb6 Ra7 21. Bb5 Qb7 22. Rfe1 h6 23. f3 c4 24. Bb4 Rxd1 25. Rxd1 Rxa5 26. Bxa5 Bc5+ 27. Kh1 Bxb6 28. Bxb6 Qxb6 29. Bxc4 Qc5 30. Bb3 Qxa3 31. Bxe6 fxe6 32. Qc8+ Kh7 33. Qxe6 Qa5 34. h4 Qc5 35. Qf5+ Kg8 36. Qe6+ Kh7 37. Rd8 Qc1+ 38. Kh2 Qf4+ 39. Kh3 Nxe4 40. Qg8+ Kg6 41. Qe8+ Kh7 42. fxe4 Qe3+ 43. Kh2 Qf4+ 44. Kg1 Qc1+ 45. Kf2 Qf4+ 46. Ke2 Qxe4+ 47. Kd2 Qxg2+ 48. Kc3 Qg3+ 49. Rd3 Qxh4 50. Qxe5 Qg4 51. Qd5 h5 52. Qd4 Qc8+ 53. Qc4 Qf5 54. Qd5 Qf6+ 55. Qd4 Qc6+ 56. Kd2 Qg2+ 57. Kc3 Qc6+ 58. Qc4 Qf6+ 59. Kc2 h4 60. Qe4+ Kh6 61. Qe3+ Kh7 62. Qh3 Qc6+ 63. Rc3 Qe4+ 64. Kb3 Qd5+ 65. Rc4 Qb5+ 66. Kc3 Qe5+ 67. Kb4 Qd6+ 68. Rc5 Qd4+ 69. Rc4 Qd6+ 70. Kb3 Qb6+ 71. Rb4 Qc5 72. Qxh4+ Kg8 73. Rb8+ Kf7 74. Qf4+ Kg6 75. Qg4+ Kh7 76. Rb4 Qe3+ 77. Ka4 Qa7+ 78. Kb5 Qb7+ 79. Kc5 Qa7+ 80. Kd5 Qa5+ 81. Ke6 Qa6+ 82. Ke5 Qf6+ 83. Ke4 Qc6+ 84. Ke3 Qc3+ 85. Kf2 Qd2+ 86. Kg3 Qe3+ 87. Qf3 Qe5+ 88. Qf4 Qc3+ 89. Kg4 Qc2 90. Qf5+ 1-0

[Event "FIDE World Blitz-ch Women 2018"]
[Site "St. Petersburg"]
[Date "2018.12.29"]
[Round "7.60"]
[White "Bogumil, Tatiana"]
[Black "Kosteniuk, Oksana"]
[Result "1-0"]
[WhiteElo "2114"]
[BlackElo "2096"]
[Annotator "NA"]
[PlyCount "129"]
[EventDate "2018.12.19"]
[EventType "swiss"]
[EventCountry "RUS"]
[SourceTitle "playchess.com"]
[Source "ChessBase"]
[SourceQuality "1"]

1. Nf3 d5 2. c4 c6 3. b3 Nf6 4. Bb2 Bf5 5. g3 e6 6. Bg2 Nbd7 7. O-O dxc4 8. bxc4 Bd6 9. d3 Qb6 10. Qc1 Bg6 11. Nbd2 O-O 12. h3 Rfd8 13. Rb1 Qc7 14. Nh4 Be5 15. Nxg6 hxg6 16. d4 Bd6 17. e4 Bb4 18. e5 Bxd2 19. Qxd2 Nh7 20. Qe3 Nb6 21. Rbc1 Qe7 22. Ba3 Qg5 23. f4 Qh6 24. Be7 Rd7 25. Bd6 Nc8 26. c5 g5 27. f5 exf5 28. Rxf5 Qe6 29. Be4 g6 30. Rf2 Nxd6 31. cxd6 Re8 32. Qb3 Qxh3 33. Bxg6 Qe6 34. Bf5 Qxb3 35. axb3 Rdd8 36. g4 Nf8 37. b4 a6 38. Kg2 Ne6 39. Bxe6 fxe6 40. Rf6 Rd7 41. Rg6+ Rg7 42. Rf6 Rf8 43. Rcf1 Re8 44. Kf3 Rf7 45. Ke4 Rxf6 46. Rxf6 Kg7 47. Rf3 Rd8 48. Kd3 Rd7 49. Kc4 b6 50. Ra3 Ra7 51. Rf3 Rd7 52. Rf6 a5 53. bxa5 bxa5 54. Rxe6 a4 55. Rf6 a3 56. Kb3 Ra7 57. Ka2 c5 58. dxc5 Ra5 59. d7 Ra8 60. Rd6 Rd8 61. c6 Kf7 62. c7 Ke7 63. cxd8=Q+ Kxd8 64. e6 Ke7 65. d8=Q# 1-0

[Event "FIDE World Blitz-ch Women 2018"]
[Site "St. Petersburg"]
[Date "2018.12.29"]
[Round "7.61"]
[White "Stetsko, Lanita"]
[Black "Loskutova, Viktoriya"]
[Result "1/2-1/2"]
[WhiteElo "2194"]
[BlackElo "2105"]
[Annotator "NA"]
[PlyCount "75"]
[EventDate "2018.12.19"]
[EventType "swiss"]
[EventCountry "RUS"]
[SourceTitle "playchess.com"]
[Source "ChessBase"]
[SourceQuality "1"]

1. e4 c5 2. Nf3 d6 3. d4 cxd4 4. Nxd4 Nf6 5. Nc3 a6 6. g3 e5 7. Nde2 Be7 8. Bg2 O-O 9. O-O Be6 10. h3 Nbd7 11. a4 Rc8 12. b3 Qc7 13. Ba3 Rfe8 14. Rc1 Nc5 15. Nd5 Nxd5 16. exd5 Bf5 17. g4 Be4 18. Bxc5 Bxg2 19. Bxd6 Bxd6 20. Kxg2 e4 21. c4 Qe7 22. Qd2 Qe5 23. Ng3 g6 24. Rfe1 Qf4 25. Qxf4 Bxf4 26. Rcd1 e3 27. fxe3 Bxe3 28. Rd3 Bc5 29. Rxe8+ Rxe8 30. d6 Rd8 31. d7 Kf8 32. Ne4 Be7 33. Kf3 f6 34. Kf4 Kf7 35. c5 Ke6 36. b4 Rxd7 37. Rxd7 Kxd7 38. Nc3 1/2-1/2

[Event "FIDE World Blitz-ch Women 2018"]
[Site "St. Petersburg"]
[Date "2018.12.29"]
[Round "7.62"]
[White "Belova, Olga"]
[Black "Tevzadze, Mariam"]
[Result "0-1"]
[WhiteElo "2069"]
[BlackElo "1967"]
[Annotator "NA"]
[PlyCount "96"]
[EventDate "2018.12.19"]
[EventType "swiss"]
[EventCountry "RUS"]
[SourceTitle "playchess.com"]
[Source "ChessBase"]
[SourceQuality "1"]

1. d4 Nf6 2. Nc3 e6 3. e4 d6 4. Bg5 Be7 5. Bd3 c6 6. f3 Qc7 7. Qd2 b5 8. Nh3 b4 9. Ne2 a5 10. Nf2 h6 11. Bh4 Ba6 12. Bg3 e5 13. c3 bxc3 14. bxc3 Nbd7 15. O-O h5 16. Bxa6 Rxa6 17. Nd3 h4 18. Bf2 h3 19. g3 Nb6 20. dxe5 dxe5 21. Qg5 Nxe4 22. Qxg7 Bf6 23. Qg4 Nxf2 24. Nxf2 Qd7 25. Ne4 Ke7 26. Qxd7+ Nxd7 27. Rfd1 c5 28. Rxd7+ Kxd7 29. Nxc5+ Kc6 30. Nxa6 Ra8 31. Nb4+ axb4 32. cxb4 Kb5 33. Nc3+ Kc4 34. Rc1 Kd3 35. Ne4 Be7 36. Nf2+ Kd2 37. Rd1+ Ke2 38. Ra1 Bxb4 39. a4 Bc5 40. Ra2+ Kxf3 41. Kf1 e4 42. Nxh3 f6 43. Nf4 e3 44. a5 Rb8 45. Ra1 Rb2 46. Nd3 Rxh2 47. Ne1+ Kxg3 48. a6 e2# 0-1

[Event "FIDE World Blitz-ch Women 2018"]
[Site "St. Petersburg"]
[Date "2018.12.29"]
[Round "8.1"]
[White "Lagno, Kateryna"]
[Black "Lei, Tingjie"]
[Result "1-0"]
[WhiteElo "2560"]
[BlackElo "2453"]
[Annotator "ChessBase"]
[PlyCount "87"]
[EventDate "2018.12.19"]
[EventType "swiss"]
[EventCountry "RUS"]
[SourceTitle "playchess.com"]
[Source "ChessBase"]
[SourceQuality "1"]

1. e4 e5 2. Nf3 Nc6 3. Bb5 Nf6 4. O-O Nxe4 5. Re1 Nd6 6. Nxe5 Be7 7. Bf1 Nxe5 8. Rxe5 O-O 9. d4 Bf6 10. Re1 Re8 11. Rxe8+ Nxe8 12. d5 d6 13. Nd2 Bf5 14. Nc4 Qd7 15. Bd3 Bxd3 16. Qxd3 g6 17. a4 Bg7 18. Be3 Nf6 19. h3 b6 20. Nd2 a5 21. c4 Re8 22. Bd4 Qe7 23. Kf1 Nd7 24. Bxg7 Kxg7 25. Nf3 Ne5 26. Qc3 Qf6 27. Re1 Re7 28. Nxe5 Rxe5 29. Rxe5 dxe5 30. c5 bxc5 31. Qxc5 Qa6+ 32. Kg1 Qe2 33. Qxa5 Qxb2 34. Qxc7 Qa1+ 35. Kh2 Qd4 36. d6 Qxf2 37. d7 Qf4+ 38. Kg1 Qd4+ 39. Kf1 Qd1+ 40. Kf2 Qd2+ 41. Kg1 Qe3+ 42. Kh1 Qf2 43. d8=Q Qf4 44. Qd1 1-0